|
|
|
|
| LEADER |
00000nam a22000007a 4500 |
| 005 |
20200724003251.0 |
| 007 |
cr|||| |||| |
| 008 |
200724s2015 br |||||s|||| 00||0 por d |
| 020 |
|
|
|a 978-85-8248-031-1
|
| 035 |
|
|
|a 31891
|
| 040 |
|
|
|a vLex
|
| 090 |
|
|
|c 10711
|d 10711
|
| 100 |
1 |
|
|a dos Santos, Luiz Dario
|
| 245 |
1 |
0 |
|a Relaȯ̂ de Consumo Sustentv̀el
|h [Recurso electrn̤ico] :
|b A geraȯ̂ de resd̕uos sl̤idos sob a t̤ica da proteȯ̂ jurd̕ica do consumidor /
|c Luiz Dario dos Santos
|
| 256 |
|
|
|a Servicio en ln̕ea
|
| 260 |
|
|
|a San Pablo:
|b Letras Jurídicas Editora,
|c 2015
|
| 300 |
|
|
|a 1 recurso electrn̤ico
|
| 500 |
|
|
|a As transformaė̳s oriundas de uma sociedade consumista levaram ao surgimento, ao longo do tempo, de inm︢eros efeitos colaterais ambientais. O problema relativo ̉produȯ̂ crescente de resd̕uos sl̤idos recebeu dimense̳s inimaginv̀eis,passando a incomodar ou a gerar preocupaė̳s em inm︢eros segmentos da sociedade.
|
| 506 |
1 |
|
|a Disponible solo en los productos indicados
|d vLex Global
|d vLex Global (Academic Edition, excluding Law Schools)
|d vLex Global (U.S. Academic Edition, Law Schools)
|d vLex Global (U.S. Academic Edition, excluding Law Schools)
|d vLex Global (Academic Edition, Law Schools)
|
| 650 |
0 |
4 |
|a Derecho del Medio Ambiente
|z Brasil
|
| 740 |
0 |
|
|a vLex Libros (Servicio en ln̕ea)
|
| 856 |
4 |
0 |
|u http://vlex.com/source/rela-o-de-consumo-sustentavel-a-gera-o-de-residuos-solidos-sob-a-otica-da-prote-o-juridica-do-consumidor-31891
|z Acceso restringido
|
| 942 |
|
|
|c BOOK
|
| 999 |
0 |
|
|a Environmental Law
|